| 000 | 00000nam 2200000za 4500 |
| 001 | 9.831577 |
| 003 | CaOODSP |
| 005 | 20221107145800 |
| 007 | cr ||||||||||| |
| 008 | 170421s2017 qucab #o f000 0 eng d |
| 020 | |a978-0-660-07469-6 |
| 040 | |aCaOODSP|beng |
| 043 | |an-cn-qu |
| 086 | 1 |aCW66-305/2017E-PDF |
| 245 | 04|aThe Cap Tourmente National Wildlife Area |h[electronic resource] : |bmap of hiking trails. |
| 260 | |a[Gatineau, QC] : |bEnvironment and Climate Change Canada, |cc2017. |
| 300 | |a[2] p. : |bcol. ill., col. map |
| 500 | |aIssued also in French under title: Réserve nationale de faune du cap-Tourmente : carte des sentiers pédestres. |
| 530 | |aIssued also in print format and in HTML format. |
| 651 | 0|aCap Tourmente National Wildlife Area (Quebec) |
| 692 | 07|2gccst|aConservation areas |
| 692 | 07|2gccst|aHiking |
| 692 | 07|2gccst|aMaps |
| 710 | 1 |aCanada. |bEnvironment and Climate Change Canada. |
| 775 | 08|tRéserve nationale de faune du cap-Tourmente |w(CaOODSP)9.831582 |
| 776 | 0#|tThe Cap Tourmente National Wildlife Area : |w(CaOODSP)9.831579 |
| 794 | |tThe Cap Tourmente National Wildlife Area : |w(CaOODSP)9.868042 |
| 795 | |tThe Cap Tourmente National Wildlife Area - map of hiking trails |w(CaOODSP)9.699739 |
| 856 | 40|qPDF|s4.08 MB|uhttps://publications.gc.ca/collections/collection_2017/eccc/CW66-305-2017-eng.pdf |
| 856 | 40|qHTML|sN/A|uhttps://www.canada.ca/en/environment-climate-change/services/national-wildlife-areas/locations/cap-tourmente/map-hiking-trails.html |